<?xml version="1.0" encoding="UTF-8"?>
<record
    xmlns:xsi="http://www.w3.org/2001/XMLSchema-instance"
    xsi:schemaLocation="http://www.loc.gov/MARC21/slim http://www.loc.gov/standards/marcxml/schema/MARC21slim.xsd"
    xmlns="http://www.loc.gov/MARC21/slim">

  <leader>01078nam a22002657a 4500</leader>
  <controlfield tag="003">OSt</controlfield>
  <controlfield tag="005">20150930020003.0</controlfield>
  <controlfield tag="008">130617b2000    ck ||||| |||| 00| 0 spa d</controlfield>
  <datafield tag="020" ind1=" " ind2=" ">
    <subfield code="a">9587010108</subfield>
  </datafield>
  <datafield tag="040" ind1=" " ind2=" ">
    <subfield code="a">IAvH</subfield>
    <subfield code="b">spa</subfield>
    <subfield code="c">IAvH</subfield>
  </datafield>
  <datafield tag="082" ind1=" " ind2=" ">
    <subfield code="a">574.52</subfield>
    <subfield code="2">19</subfield>
    <subfield code="b">C718c</subfield>
  </datafield>
  <datafield tag="110" ind1="2" ind2=" ">
    <subfield code="a">Universidad Nacional de Colombia</subfield>
    <subfield code="b">Instituto de Ciencias Naturales</subfield>
    <subfield code="9">65</subfield>
  </datafield>
  <datafield tag="245" ind1="1" ind2="1">
    <subfield code="a">Colombia diversidad bi&#xF3;tica III :</subfield>
    <subfield code="b">La regi&#xF3;n de vida paramuna /</subfield>
    <subfield code="c">Universidad Nacional de Colombia</subfield>
  </datafield>
  <datafield tag="250" ind1=" " ind2=" ">
    <subfield code="a">Editor J. Orlando Rangel Ch.</subfield>
  </datafield>
  <datafield tag="260" ind1="3" ind2=" ">
    <subfield code="a">Bogot&#xE1; :</subfield>
    <subfield code="b">Universidad Nacional de Colombia. Facultad de Ciencias</subfield>
    <subfield code="c">c2000</subfield>
  </datafield>
  <datafield tag="300" ind1=" " ind2=" ">
    <subfield code="a">902 p., </subfield>
    <subfield code="b">il.</subfield>
    <subfield code="c">24 cm.</subfield>
  </datafield>
  <datafield tag="504" ind1=" " ind2=" ">
    <subfield code="a">Incluye &#xED;ndice de familias y g&#xE9;neros (flora y fauna) (p. 867 - 878) y fogotraf&#xED;as (p. 881 - 902)</subfield>
  </datafield>
  <datafield tag="650" ind1="6" ind2=" ">
    <subfield code="a">Diversidad biol&#xF3;gica</subfield>
    <subfield code="x">P&#xE1;ramos (Colombia)</subfield>
    <subfield code="9">66</subfield>
  </datafield>
  <datafield tag="650" ind1="6" ind2=" ">
    <subfield code="a">Diversidad biol&#xF3;gica</subfield>
    <subfield code="x">Clima</subfield>
    <subfield code="9">67</subfield>
  </datafield>
  <datafield tag="650" ind1="6" ind2=" ">
    <subfield code="a">Diversidad biol&#xF3;gica</subfield>
    <subfield code="x">Flora</subfield>
    <subfield code="9">68</subfield>
  </datafield>
  <datafield tag="650" ind1="6" ind2=" ">
    <subfield code="a">Diversidad biol&#xF3;gica</subfield>
    <subfield code="x">Fauna</subfield>
    <subfield code="9">69</subfield>
  </datafield>
  <datafield tag="700" ind1="1" ind2=" ">
    <subfield code="a">Rangel Ch. J. Orlando.</subfield>
    <subfield code="e">editor</subfield>
    <subfield code="9">70</subfield>
  </datafield>
  <datafield tag="740" ind1="0" ind2=" ">
    <subfield code="a">Colombia.  Diversidad bi&#xF3;tica III</subfield>
  </datafield>
  <datafield tag="942" ind1=" " ind2=" ">
    <subfield code="2">ddc</subfield>
    <subfield code="c">IMPRESO</subfield>
    <subfield code="0">5</subfield>
  </datafield>
  <datafield tag="999" ind1=" " ind2=" ">
    <subfield code="c">7309</subfield>
    <subfield code="d">7309</subfield>
  </datafield>
  <datafield tag="952" ind1=" " ind2=" ">
    <subfield code="0">0</subfield>
    <subfield code="1">0</subfield>
    <subfield code="2">ddc</subfield>
    <subfield code="4">0</subfield>
    <subfield code="7">0</subfield>
    <subfield code="8">GENERAL</subfield>
    <subfield code="I">INV2017</subfield>
    <subfield code="a">Bogota</subfield>
    <subfield code="b">Bogota</subfield>
    <subfield code="d">2013-06-17</subfield>
    <subfield code="e">Instituto</subfield>
    <subfield code="g">39000.00</subfield>
    <subfield code="l">2</subfield>
    <subfield code="o">LB-574.52 C718c</subfield>
    <subfield code="p">028468</subfield>
    <subfield code="r">2013-10-30 00:00:00</subfield>
    <subfield code="s">2013-09-30</subfield>
    <subfield code="t">V. 3 Ej. 2</subfield>
    <subfield code="w">2013-06-17</subfield>
    <subfield code="x">Donaci&#xF3;n</subfield>
    <subfield code="y">LIBRO</subfield>
  </datafield>
  <datafield tag="952" ind1=" " ind2=" ">
    <subfield code="0">0</subfield>
    <subfield code="1">0</subfield>
    <subfield code="2">ddc</subfield>
    <subfield code="4">0</subfield>
    <subfield code="7">0</subfield>
    <subfield code="8">GENERAL</subfield>
    <subfield code="I">INV2017</subfield>
    <subfield code="a">Venado</subfield>
    <subfield code="b">Venado</subfield>
    <subfield code="d">2013-06-17</subfield>
    <subfield code="e">Instituto</subfield>
    <subfield code="g">39000.00</subfield>
    <subfield code="l">4</subfield>
    <subfield code="m">1</subfield>
    <subfield code="o">LB-574.52 C718c</subfield>
    <subfield code="p">028469</subfield>
    <subfield code="r">2013-07-12 00:00:00</subfield>
    <subfield code="s">2013-07-09</subfield>
    <subfield code="t">V. 3  Ej. 3</subfield>
    <subfield code="w">2013-06-17</subfield>
    <subfield code="x">Donacion</subfield>
    <subfield code="y">LIBRO</subfield>
  </datafield>
  <datafield tag="952" ind1=" " ind2=" ">
    <subfield code="0">0</subfield>
    <subfield code="1">0</subfield>
    <subfield code="2">ddc</subfield>
    <subfield code="4">0</subfield>
    <subfield code="7">0</subfield>
    <subfield code="8">GENERAL</subfield>
    <subfield code="I">INV2017</subfield>
    <subfield code="a">Bogota</subfield>
    <subfield code="b">Bogota</subfield>
    <subfield code="d">2013-06-21</subfield>
    <subfield code="e">Instituto</subfield>
    <subfield code="g">39000.00</subfield>
    <subfield code="l">1</subfield>
    <subfield code="m">1</subfield>
    <subfield code="o">LB-574.52 C718c</subfield>
    <subfield code="p">028470</subfield>
    <subfield code="r">2013-09-06 00:00:00</subfield>
    <subfield code="s">2013-06-27</subfield>
    <subfield code="t">V. 3 Ej. 1</subfield>
    <subfield code="w">2013-06-21</subfield>
    <subfield code="x">Donaci&#xF3;n</subfield>
    <subfield code="y">LIBRO</subfield>
  </datafield>
  <datafield tag="952" ind1=" " ind2=" ">
    <subfield code="0">0</subfield>
    <subfield code="1">0</subfield>
    <subfield code="2">ddc</subfield>
    <subfield code="4">0</subfield>
    <subfield code="7">0</subfield>
    <subfield code="8">GENERAL</subfield>
    <subfield code="I">INV2017</subfield>
    <subfield code="a">Venado</subfield>
    <subfield code="b">Venado</subfield>
    <subfield code="d">2015-09-25</subfield>
    <subfield code="e">Instituto</subfield>
    <subfield code="g">39000.00</subfield>
    <subfield code="l">1</subfield>
    <subfield code="o">LB-574.52 C718c</subfield>
    <subfield code="p">004783</subfield>
    <subfield code="r">2015-09-29 00:00:00</subfield>
    <subfield code="s">2015-09-29</subfield>
    <subfield code="t">V.3 Ej. 4</subfield>
    <subfield code="w">2015-09-25</subfield>
    <subfield code="x">Donacion</subfield>
    <subfield code="y">LIBRO</subfield>
  </datafield>
  <datafield tag="952" ind1=" " ind2=" ">
    <subfield code="0">0</subfield>
    <subfield code="1">0</subfield>
    <subfield code="2">ddc</subfield>
    <subfield code="4">0</subfield>
    <subfield code="7">0</subfield>
    <subfield code="8">GENERAL</subfield>
    <subfield code="I">INV2017</subfield>
    <subfield code="a">Venado</subfield>
    <subfield code="b">Venado</subfield>
    <subfield code="d">2017-09-14</subfield>
    <subfield code="e">Instituto</subfield>
    <subfield code="g">39000.00</subfield>
    <subfield code="l">0</subfield>
    <subfield code="o">LB-574.52 C718c</subfield>
    <subfield code="p">004784</subfield>
    <subfield code="r">2017-09-14 00:00:00</subfield>
    <subfield code="t">V.3 Ej. 5</subfield>
    <subfield code="w">2017-09-14</subfield>
    <subfield code="x">Donacion</subfield>
    <subfield code="y">LIBRO</subfield>
  </datafield>
</record>
